Normal view
MARC view
- Education
Entry Topical Term
001 - CONTROL NUMBER
- control field: 34932
003 - CONTROL NUMBER IDENTIFIER
- control field: NUST
005 - DATE AND TIME OF LATEST TRANSACTION
- control field: 20201109121113.0
008 - FIXED-LENGTH DATA ELEMENTS
- fixed length control field: 201109|| aca||aabn | a|a d
040 ## - CATALOGING SOURCE
- Original cataloging agency: NUST
- Transcribing agency: NUST
150 ## - HEADING--TOPICAL TERM
- Topical term or geographic name entry element: Education
- General subdivision: Research
670 ## - SOURCE DATA FOUND
- Source citation: Work cat.: (NUST)32605: Gay, L. R. 2405, Educational research :, c2009.
